AAS-NASA symposium on the physics of solar flares (Record no. 2953)

MARC details
000 -LEADER
fixed length control field 00935nam a2200229Ia 4500
003 - CONTROL NUMBER IDENTIFIER
control field IN-BaIIA
008 - FIXED-LENGTH DATA ELEMENTS--GENERAL INFORMATION
fixed length control field 211028s9999 xx 000 0 eng d
040 ## - CATALOGING SOURCE
Transcribing agency IIA Library
080 ## - UNIVERSAL DECIMAL CLASSIFICATION NUMBER
Universal Decimal Classification number 523.745
Item number HES
111 ## - MAIN ENTRY--MEETING NAME
Meeting name or jurisdiction name as entry element symposium on the physics of solar flares
Location of meeting Washington
Date of meeting or treaty signing 1963 Oct. 28-30
9 (RLIN) 5271
245 #0 - TITLE STATEMENT
Title AAS-NASA symposium on the physics of solar flares
Remainder of title proceedings of the AAS-NASA symposium held at the Goddard Space Flight Center, Green Belt, Maryland, Oct 28-30, 1963
Statement of responsibility, etc. edited by Wilmot Hess
260 ## - PUBLICATION, DISTRIBUTION, ETC.
Place of publication, distribution, etc. Washington
Name of publisher, distributor, etc. National Aeronautics and Space Administration
Date of publication, distribution, etc. 1964
300 ## - PHYSICAL DESCRIPTION
Extent viii, 465p.
490 ## - SERIES STATEMENT
Series statement NASA SP; 50
650 ## - SUBJECT ADDED ENTRY--TOPICAL TERM
Topical term or geographic name entry element Active Sun
9 (RLIN) 5272
650 ## - SUBJECT ADDED ENTRY--TOPICAL TERM
Topical term or geographic name entry element Astronomy and Astrophysics Thesaurus
650 ## - SUBJECT ADDED ENTRY--TOPICAL TERM
Topical term or geographic name entry element Solar Activity
9 (RLIN) 1424
650 ## - SUBJECT ADDED ENTRY--TOPICAL TERM
Topical term or geographic name entry element Solar Flares
9 (RLIN) 4046
700 ## - ADDED ENTRY--PERSONAL NAME
Personal name Hess, Wilmot, ed.
9 (RLIN) 5273
710 ## - ADDED ENTRY--CORPORATE NAME
Corporate name or jurisdiction name as entry element American Astronomical Society
9 (RLIN) 4342
942 ## - ADDED ENTRY ELEMENTS (KOHA)
Koha item type Books
Holdings
Withdrawn status Lost status Damaged status Not for loan Home library Current library Shelving location Date acquired Cost, normal purchase price Total Checkouts Full call number Barcode Date last seen Cost, replacement price Price effective from Koha item type Purchase Price
        IIA Library-Bangalore IIA Library-Bangalore General Stacks 14/07/1967 32.20   523.745/ HES 3283 05/11/2021 32.20 14/07/1967 Books Rs. 32.20

Powered by Koha